駅名に温泉を含むJR駅 - Statistics

General Stats
  • This quiz has been taken 883 times
  • The average score is 14 of 32
Answer Stats
駅名 路線 % Correct
加賀温泉 北陸本線
83%
芦原温泉 北陸本線
80%
和倉温泉 七尾線
79%
黒部宇奈月温泉 北陸新幹線
78%
鳴子温泉 花輪線
69%
おごと温泉 湖西線
66%
石和温泉 中央本線
64%
城崎温泉 山陰本線
63%
あつみ温泉 羽越本線
61%
武雄温泉 佐世保線
59%
戸狩野沢温泉 飯山線
57%
湯田温泉 山口線
56%
かみのやま温泉 奥羽本線
53%
天塩川温泉 宗谷本線
53%
玉造温泉 山陰本線
45%
川湯温泉 釧網本線
42%
川原湯温泉 吾妻線
42%
下部温泉 身延線
42%
温泉津 山陰本線
39%
湯谷温泉 飯田線
38%
大鰐温泉 奥羽本線
37%
小野上温泉 吾妻線
28%
中山平温泉 陸羽東線
28%
霧島温泉 肥薩線
26%
瀬見温泉 陸羽東線
26%
赤倉温泉 陸羽東線
25%
川渡温泉 陸羽東線
24%
京町温泉 吉都線
24%
川棚温泉 山陰本線
23%
湯瀬温泉 花輪線
20%
大滝温泉 花輪線
14%
流山温泉 陸羽東線
6%
No matching quizzes found
Score Distribution
Percent of People with Each Score
Percentile by Number Answered
Your Score History
You have not taken this quiz